| 000 | 00632nam a22001817a 4500 | ||
|---|---|---|---|
| 005 | 20251108173128.0 | ||
| 008 | 250721s2006 xx 000 0 ara d | ||
| 082 | 1 | 4 | _a371.3/رشا |
| 100 | 1 | _aالرشايدة، محمد سليم | |
| 245 | 1 | 0 | _aالكفايات التعليمية لقراءة الخريطة و الإستقصاء في الدراسات الإجتماعية / |
| 264 |
_bدار يافا العلمية للنشر و التوزيع، _c2006. |
||
| 300 | _a247ص. | ||
| 650 | 1 | 7 | _aأساليب التدريس |
| 650 | 1 | 7 | _aالخريطة |
| 650 | 1 | 7 | _aالجغرافيا |
| 942 |
_2ddc _cBK |
||
| 999 |
_c96693 _d96693 |
||